Losing US Vice Presidents Quiz Stats

 Plays Quiz Updated Dec 16, 2020

Support Sporcle.
Go Orange.
Score 0/31 Timer 05:00
1 Play Today
Year VP Candidate % Correct
2020Mike Pence
96.3%
2008Sarah Palin
94.7%
2012Paul Ryan
80.1%
1992Dan Quayle
77.2%
2016Tim Kaine
77%
2004John Edwards
75.7%
1980Walter Mondale
71%
2000Joe Lieberman
68.1%
1984Geraldine Ferraro
60.7%
1996Jack Kemp
52.7%
1976Robert Dole
50.7%
1920Franklin D. Roosevelt
47.4%
1988Lloyd Bentsen
40.4%
1972Sargent Shriver
37.9%
1900Adlai E. Stevenson I
36%
1960Henry Cabot Lodge Jr.
31.8%
Year VP Candidate % Correct
1968Edmund Muskie
28%
1912Hiram Johnson
27.1%
1964William E. Miller
24.1%
1924Charles W. Bryan
24%
1956Estes Kefauver
23.6%
1932Charles Curtis
20.6%
1904Henry G. Davis
19.8%
1948Earl Warren
18.1%
1952John Sparkman
14.5%
1916Charles W. Fairbanks
14.1%
1936Frank Knox
11.1%
1944John W. Bricker
11.1%
1928Joseph T. Robinson
10.1%
1940Charles L. McNary
9.7%
1908John W. Kern
8.7%

From the Vault

Sporcle's Easiest Entertainment

by Flick

Easy and entertaining - what more could you ask for?
Remove Ads.
Support Sporcle.
Get the best of Sporcle when you Go Orange. This ad-free experience offers more features, more stats, and more fun while also helping to support Sporcle. Thank you for becoming a member.

Show Comments

Extras

Top Quizzes Today


Score Distribution

Your Account Isn't Verified!

In order to create a playlist on Sporcle, you need to verify the email address you used during registration. Go to your Sporcle Settings to finish the process.

Report this User

Report this user for behavior that violates our Community Guidelines.

Details: